书目信息 |
| 题名: |
土力学
|
|
| 作者: | 赵春风 , 李镜培, 编著 | |
| 分册: | ||
| 出版信息: | 北京 高等教育出版社 2004.08 |
|
| 页数: | 246页 | |
| 开本: | 23cm | |
| 丛书名: | 新世纪网络课堂建设工程土建类项目 | |
| 单 册: | ||
| 中图分类: | TU43-43 | |
| 科图分类: | ||
| 主题词: | 土力学--tu li xue--高等学校--教材 | |
| 电子资源: | ||
| ISBN: | 7-04-014485-9 | |
| 000 | 00860nam 2200277 450 | |
| 001 | CAL 012004108840 | |
| 005 | 20121010152538.01 | |
| 010 | @a7-04-014485-9@d20.30CNY | |
| 099 | @aCAL 012004108840 | |
| 100 | @a20041013d2004 em y0chiy0121 ea | |
| 101 | 0 | @achi |
| 102 | @aCN@b110000 | |
| 105 | @aak a 000yy | |
| 200 | 1 | @a土力学@Atu li xue@f李镜培, 赵春风编著 |
| 210 | @a北京@c高等教育出版社@d2004.08 | |
| 215 | @a246页@c图@d23cm | |
| 225 | 2 | @a新世纪网络课堂建设工程土建类项目@Axin shi ji wang luo ke tang jian she gong cheng |
| 320 | @a有书目 | |
| 410 | 0 | @12001 @a新世纪网络课堂建设工程土建类项目 |
| 606 | 0 | @a土力学@Atu li xue@x高等学校@j教材 |
| 690 | @aTU43-43@v4 | |
| 701 | 0 | @a赵春风@Azhao chun feng@4编著 |
| 701 | 0 | @a李镜培,@Ali jing pei@f1963-@4编著 |
| 801 | 0 | @aCN@bTJU@c20081017 |
| 905 | @a10447@dTU43-43@eL180 | |
| 998 | @aTJU | |
| 土力学/李镜培, 赵春风编著.-北京:高等教育出版社,2004.08 |
| 246页:图;23cm.-(新世纪网络课堂建设工程土建类项目) |
| ISBN 7-04-014485-9:20.30CNY |
| ● |
| 相关链接 |
|
|
|
正题名:土力学
索取号:TU43-43/L180
 
预约/预借
| 序号 | 登录号 | 条形码 | 馆藏地/架位号 | 状态 | 备注 |
| 1 | 453881 | 204538811 | 建筑库101/101建筑库 95排2列4层/ [索取号:TU43-43/L180] | 在馆 | |
| 2 | 453882 | 204538820 | 土木与交通工程学院资料室/土木与交通学院资料室 1排1列1层/ [索取号:TU43-43/L180] | 在馆 | |
| 3 | 487743 | 204877437 | 自科二线404/404自科库 26排1列4层/ [索取号:TU43-43/L180] | 在馆 | |
| 4 | 537932 | 205379320 | 建筑库101/101建筑库 95排2列4层/ [索取号:TU43-43/L180] | 在馆 | |
| 5 | 537933 | 205379339 | 建筑库101/101建筑库 95排2列4层/ [索取号:TU43-43/L180] | 在馆 | |
| 6 | 537934 | 205379348 | 土木与交通工程学院资料室/101建筑库 47排7列3层/ [索取号:TU43-43/L180] | 在馆 |